| 000 | | | 05250nmc2a22002773x 450 |
| 001 | | | 209100d8-ee64-4db6-8122-db449201b042 |
| 005 | | | 20241210013221.0 |
| 100 | ## | $a | 20240910l18011801k l0rusy0189 ca |
| 101 | 0# | $a | rus |
| 102 | ## | $a | RU |
| 105 | ## | $a | y### |
| 122 | 2# | $a | d |
| 200 | 1# | $a | Ведомости годовые о денежной казне, полученные из Пермского приказа, за 1800 год |
| | $j | 16 января - 9 февраля 1801 г. |
| 215 | ## | $a | 3 л. |
| | $d | 34х22 см |
| 251 | ## | $c | Дело |
| 300 | ## | $a | В должности директора титулярный советник [Сталмеиер]; губернский |
| 300 | ## | $a | На обложке указано: "Приобщить к прочим" |
| 300 | ## | $a | Ориг. заголовок дела: Дело в Комиссию об учреждении школ из Пермского приказа общественного призрения. Какая по уставу о народных школах, 8 главы, 106 пункта в приказе сочинена об употребленных для местной школы в 1800 году в расход деньгах ведомость, она при этом препровождается с тем, что в том 1800 году на содержание школы в приход поступило денег барона Григория Александровича Строганова от поверенного Ветошкина, подписанных господином его за 1799 год 100 рублей, а в приложенной ведомости, хотя против этого прихода в расходе денег значит и больше, но они употреблены из другой, принадлежащей приказу суммы, 16 января 1801 года. 16 января 1801 г. - 9 февраля 1801 г |
| 371 | ## | $a | Документ не является опубликованным и широко распространяемым |
| 461 | #0 | $1 | 00174716ac7-ef0a-4ce9-889f-df06b5c6e13c |
| | $1 | 2001 |
| | $a | Комиссия об учреждении народных училищ |
| | $1 | 251 |
| | $c | Фонд |
| | $1 | 852 |
| | $j | 730 |
| 462 | #0 | $1 | 001e6616291-8022-4671-9001-59f853d67170 |
| | $1 | 2001 |
| | $a | Журналы заседаний и определения Комиссии; ведомости приказов общественного призрения о состоянии и бюджете училищ, учителях, успехах учеников |
| | $1 | 251 |
| | $c | Опись |
| | $1 | 852 |
| | $j | 2 |
| 517 | 1# | $a | Дело в Комиссию об учреждении школ из Пермского приказа общественного призрения. Какая по уставу о народных школах, 8 главы, 106 пункта в приказе сочинена об употребленных для местной школы в 1800 году в расход деньгах ведомость, она при этом препровождается с тем, что в том 1800 году на содержание школы в приход поступило денег барона Григория Александровича Строганова от поверенного Ветошкина, подписанных господином его за 1799 год 100 рублей, а в приложенной ведомости, хотя против этого прихода в расходе денег значит и больше, но они употреблены из другой, принадлежащей приказу суммы, 16 января 1801 года. 16 января 1801 г. - 9 февраля 1801 г |
| 801 | #0 | $a | RU |
| | $b | РГИА |
| | $c | 20240910 |
| | $g | RCR |
| 801 | #1 | $a | RU |
| | $b | ГлавНИВЦ |
| | $c | 20240910 |
| | $2 | rusmarc |
| 801 | #2 | $a | RU |
| | $b | ПБ им. Б.Н. Ельцина |
| | $c | 20241210 |
| | $g | RCR |
| | $2 | rusmarc |
| 850 | ## | $a | РГИА |
| 852 | ## | $a | РГИА |
| | $e | Федеральное казенное учреждение "Российский государственный исторический архив" (РГИА) |
| | $j | 1561 |
| 937 | ## | $h | РГИА |
| | $d | 12414728 |
| | $a | ASBIBLIO_SCAN |
| 035 | ## | $a | RusGRCC00080203 |
| 856 | ## | $u | http://readingroom.main.prlib.ru/item.aspx?id_node=n195215410&mode=full |